Game Theory with Economic Applications

Na minha lista:
Detalhes bibliográficos
Autor principal: Bierman, H. Scott
Outros Autores: Fernandez, Luis
Formato: Livro
Idioma:inglês
Publicado em: Harlow Addison-Wesley 1998
Edição:2nd Edition
Assuntos:
Tags: Adicionar Tag
Sem tags, seja o primeiro a adicionar uma tag!

MARC

LEADER 00000nam a2200000 4500
001 0257129
005 20240111125022.5
020 |a 0-201-84758-2 
041 0 |a eng 
044 |a US 
245 1 0 |a Game Theory with Economic Applications  |c H. Scott Bierman, Luis Fernandez 
250 |a 2nd Edition 
264 1 |a Harlow  |b Addison-Wesley  |c 1998 
300 |a 452 s. 
610 2 0 |a teória hier 
610 2 0 |a teória a prax 
610 2 0 |a informácie 
610 2 0 |a analýzy 
610 2 0 |a modely ekonometrické 
100 1 |a Bierman, H. Scott 
700 1 |a Fernandez, Luis